000 00310 a2200121 4500
001 57509
082 _a808.84 AHU
090 _c35239
_d35239
100 _aAhuja, B.N
245 _aAdvanced essays for college and competative exams
260 _aNew Delhi
_bGoodwill Publishing House
_c1998
300 _a561p
942 _aNUST-CAE
_k808.84 AHU
999 _c292582
_d292582